PSU Ciencias, Física: módulo optativo 3§ y 4§ Medio. Cuaderno de ejercicios, con resolución de problemas
Tallennettuna:
| Päätekijät: | , |
|---|---|
| Aineistotyyppi: | Kirja |
| Kieli: | espanja |
| Julkaistu: |
Santiago
Universidad Católica de Chile
2008
|
| Painos: | 1a. ed |
| Aiheet: | |
| Tagit: |
Lisää tagi
Ei tageja, Lisää ensimmäinen tagi!
|
MARC
| LEADER | 00000nam a2200000 a 4500 | ||
|---|---|---|---|
| 001 | UCG1356 | ||
| 003 | CL-VaPUC | ||
| 008 | 100429e20080100CL |||||||||||||||||spa|d | ||
| 020 | |a 9789561409750 | ||
| 082 | 0 | 4 | |a 530.0712 |b ORM |2 21 |
| 100 | |a Ormazábal Díaz-Muñoz, Miguel Ramón |e autor |9 549283 | ||
| 700 | 0 | |a Bravo Lutz, Oscar |e author |9 549273 | |
| 245 | 1 | 0 | |a PSU Ciencias, Física: módulo optativo 3§ y 4§ Medio. Cuaderno de ejercicios, con resolución de problemas |
| 250 | |a 1a. ed | ||
| 300 | |a 102 p | ||
| 942 | |c BK | ||
| 945 | |d 20100429 00:00:00 |a dcastane | ||
| 260 | |a Santiago |b Universidad Católica de Chile |c 2008 | ||
| 650 | 0 | |a Educación |9 258661 | |
| 650 | 7 | |a PRUEBAS EDUCACIONALES |2 CL-VaPUC |9 415967 | |
| 650 | 0 | |a Física |9 227844 | |
| 650 | 7 | |a FISICA PROBLEMAS Y EJERCICIOS |2 CL-VaPUC |9 468021 | |
| 650 | 0 | |a Mecánica |9 260096 | |
| 650 | 0 | |a Electricidad |9 260222 | |
| 583 | |a last modification |c 20100429 00:00:00 |k Rodrigo Vera | ||
| 999 | |c 340760 |d 340758 | ||